000 00729cab a2200205 4500
001 WB3010-19
008 090401t1994 xxu||||| |||| 00| 0 eng d
035 _a(Sirsi) u81277
041 _aeng
245 _aProperty lenders` optimism
260 _c1994
350 _a0
490 _aBirmingham Post
_v10 March 1994, 28(2)
520 _aDiscusses the report by Chesterton Financial and the University of Greenwich into property lending which shows that there is a new mood of optimism among banks and financial institutions.
650 _aFINANCIAL INSTITUTIONS
650 _aPROPERTY INVESTMENT
690 _aPROPERTY-COMMERCIAL PROPERTY-COMMERCIAL PROPERTY FINANCE AND INVESTMENT
942 _n0
948 _c04/03/1997
999 _c51215
_d51215